Szczegóły MARC21

The capability approach : concepts, measures and applications /

005 -DATA I CZAS OSTATNIEJ MODYFIKACJI [,]
    • @
    • pole kontrolne
    • 20150505101645.0
020 -Międzynarod. znormalizowany nr książki - ISBN [ , ]
    • a
    • Numer ISBN
    • 9780521862875 Find
020 -Międzynarod. znormalizowany nr książki - ISBN [ , ]
    • a
    • Numer ISBN
    • 9780521154529 Find
040 -Instytucja sporządzająca opis [ , ]
    • a
    • Instytucja, która sporządziła opis (NP)
    • SZCZ U/JG
    • c
    • Instytucja, która sporządziła rekord (NP)
    • SZCZ U/JG
    • d
    • Instytucja, która zmodyfikowała rekord (P)
    • SZCZ U/ML
041 -Język dokumentu [0, ]
    • a
    • Język tekstu (P)
    • angielski
044 -Kraj miejsca wydania [ , ]
    • a
    • Kraj miejsca wydania
    • Wielka Brytania
942 -Rodzaj dokumentu [ , ]
    • c
    • Rodzaj dokumentu
    • Książka
245 -Strefa tytułu i oznaczenia odpowiedzialności [0,0]
    • a
    • Tytuł
    • The capability approach : Find
    • b
    • Ciąg dalszy tytułu (NP)
    • concepts, measures and applications / Find
    • c
    • Pozostałe elementy strefy tytułu i oznaczenia odpowiedzialności (NP)
    • edited by Flavio Comim, Mozaffar Qizilbash and Sabina Alkire.
250 -Strefa wydania [ , ]
    • a
    • Oznaczenie wydania (NP)
    • 1st paperback print.
260 -Strefa adresu wydawniczego [ , ]
    • a
    • Miejsce wydania (P)
    • Cambridge :
    • b
    • Nazwa wydawcy (P)
    • Cambridge University Press,
    • c
    • Data wydania (P)
    • 2010.
300 -Strefa opisu fizycznego [ , ]
    • a
    • Określenie formy książki i/lub objętość (NP)
    • XVII, 614 s. :
    • b
    • Oznaczenie ilustracji (NP)
    • il. ;
    • c
    • Format (NP)
    • 23 cm.
504 -Uwaga dot. bibliogr. załącznikowej [ , ]
    • a
    • Uwaga dot. bibliografii załącznikowej
    • Bibliogr. po rozdziałach. Indeks.
080 -Uniwersalna Klasyfikacja Dziesiętna [ , ]
    • 2
    • Identyfikator wydania tablic
    • UDC-P058
    • 9
    • UKD
    • 4077
    • a
    • Symbol klasyfikacji
    • 519.86
    • b
    • Dopowiedzenie
    • Teoria modeli matematycznych. Modele sterowania ekonomicznego.
    • 4
    • UKD2
    • 7644
    • x
    • Poddział wspólny
    • =111
    • c
    • Dopowiedzenie poddz. wspólnego
    • =Język angielski.
080 -Uniwersalna Klasyfikacja Dziesiętna [ , ]
    • 2
    • Identyfikator wydania tablic
    • UDC-P058
    • 9
    • UKD
    • 3751
    • a
    • Symbol klasyfikacji
    • 364.2
    • b
    • Dopowiedzenie
    • Podstawowe potrzeby ludzkie. Czynniki warunkujące dobrobyt.
    • 4
    • UKD2
    • 7644
    • x
    • Poddział wspólny
    • =111
    • c
    • Dopowiedzenie poddz. wspólnego
    • =Język angielski.
080 -Uniwersalna Klasyfikacja Dziesiętna [ , ]
    • 2
    • Identyfikator wydania tablic
    • UDC-P058
    • 9
    • UKD
    • 2758
    • a
    • Symbol klasyfikacji
    • 316.323.6
    • b
    • Dopowiedzenie
    • Społeczeństwa kapitalistyczne. Społeczeństwa wczesnokapitalistyczne. Rozwinięte społeczeństwa kapitalistyczne.
    • 4
    • UKD2
    • 7644
    • x
    • Poddział wspólny
    • =111
    • c
    • Dopowiedzenie poddz. wspólnego
    • =Język angielski.
080 -Uniwersalna Klasyfikacja Dziesiętna [ , ]
    • 2
    • Identyfikator wydania tablic
    • UDC-P058
    • 9
    • UKD
    • 2960
    • a
    • Symbol klasyfikacji
    • 330.34
    • b
    • Dopowiedzenie
    • Rozwój gospodarczy.
    • 4
    • UKD2
    • 7644
    • x
    • Poddział wspólny
    • =111
    • c
    • Dopowiedzenie poddz. wspólnego
    • =Język angielski.
980 -Symbol UKD [ , ]
    • a
    • UKD
    • 519.86:364.2:316.323.6:330.34]=111
700 -Hasło dodatkowe - nazwa osobowa [1, ]
    • 9
    • KHW
    • 81694
    • a
    • Nazwa osobowa (NP)
    • Comim, Flavio. Find
    • e
    • Określenie rodzaju współpracy
    • Red.
700 -Hasło dodatkowe - nazwa osobowa [1, ]
    • 9
    • KHW
    • 81695
    • a
    • Nazwa osobowa (NP)
    • Qizilbash, Mozaffar. Find
    • e
    • Określenie rodzaju współpracy
    • Red.
700 -Hasło dodatkowe - nazwa osobowa [1, ]
    • 9
    • KHW
    • 81696
    • a
    • Nazwa osobowa (NP)
    • Alkire, Sabina. Find
    • e
    • Określenie rodzaju współpracy
    • Red.
710 -Hasło dodatkowe - nazwa ciała zbiorowego [2, ]
    • 4
    • Kod relacji
    • pbl
    • 9
    • KHW
    • 615085
    • a
    • Nazwa ciała zbiorowego lub nazwa geograficzna jako pierwszy element (NP)
    • Cambridge University Press.
920 -ISBN [ , ]
    • a
    • ISBN
    • 978-0-521-86287-5 (hardback) Find
920 -ISBN [ , ]
    • a
    • ISBN
    • 978-0-521-15452-9 (paperback) Find
Data inwentaryzacji Lokalizacja Sygnatura Numer inwentarzowy Status udost.
2014-05-09TT.16790T.16790-2